| 000 | 00808 a2200193 4500 | ||
|---|---|---|---|
| 003 | NUST | ||
| 005 | 20221122122900.0 | ||
| 010 | _a 77136628 | ||
| 020 | _a0675092604 | ||
| 040 | _cNust | ||
| 082 | 0 | 0 | _a519,LEN |
| 100 | 1 |
_aLenert, Louis H. _9103330 |
|
| 245 | 1 | 0 |
_aBasic technical mathematics / _cLouis H. Lenert. |
| 260 |
_aColumbus, Ohio, _bMerrill _c[1971] |
||
| 300 |
_ax, 656 p.: _billus. (part col.) _c26 cm. |
||
| 505 | _aAlgebraic concepts (Page-1), Radicals,logarithms,and the slide rule (Page-81), Algebraic functions (Page-149), Systems of equations (Page-243), Trigonometry (Page-333), Transcendental functions and operations (Page-421), Analytical geometry (Page-481), Vector operations (Page-545), Appendices (Page-589). | ||
| 650 | 0 | _aEngineering mathematics. | |
| 942 |
_2ddc _cBK _k519,LEN |
||
| 999 |
_c181187 _d181187 |
||